000
00353pab a2200157 454500
008
180718b2002 xxu||||| |||| 00| 0 eng d
100
_a
Gupta, K.N.
245
_a
Violence - impediment to empowerment
260
_c
2002
300
_a
p.26-33
362
_a
Feb
650
_a
Violence
650
_a
Women
773
_a
Social Welfare
909
_a
51401
999
_c
51401
_d
51401